[Event "7th Essent op"]
[Site "Hoogeveen NED"]
[Date "2003.10.15"]
[Round "6.30"]
[White "Van der Veen, Jan"]
[Black "Bensdorp, Marlies"]
[Result "1/2-1/2"]
[WhiteElo "2118"]
[BlackElo "2171"]
[EventDate "2003.10.10"]
[PlyCount "61"]

1.e4 c6 2.d4 d5 3.exd5 cxd5 4.Bd3 Nc6 5.c3 Nf6 6.Nf3 Bg4 7.Bg5 e6 8.Nbd2 
Be7 9.Qa4 Bxf3 10.Nxf3 O-O 11.O-O Rc8 12.Rac1 Qb6 13.Rb1 h6 14.Bf4 Rfd8 
15.Qd1 Ne4 16.Qe2 Bd6 17.Bxd6 Nxd6 18.Rbc1 Qc7 19.Rfe1 a6 20.h4 Ne8 21.g3 
Nf6 22.Bb1 Re8 23.Rcd1 b5 24.Ne5 Qb6 25.g4 Nxe5 26.dxe5 Nd7 27.Rd4 Rc4 28.
Red1 Rec8 29.g5 hxg5 30.hxg5 g6 31.Kg2 1/2-1/2

[Event "7th Essent op"]
[Site "Hoogeveen NED"]
[Date "2003.10.15"]
[Round "6.31"]
[White "Cako, Laszlo"]
[Black "Westerkamp, Bert"]
[Result "1/2-1/2"]
[WhiteElo "2164"]
[BlackElo "2129"]
[EventDate "2003.10.10"]
[PlyCount "144"]

1.e4 e5 2.Nf3 Nc6 3.Bc4 Bc5 4.O-O Nf6 5.d3 d6 6.c3 O-O 7.b4 Bb6 8.Bg5 Qe7 
9.a4 a5 10.b5 Nd8 11.Nbd2 Ne6 12.Be3 Nc5 13.Qc2 Be6 14.Rae1 Ng4 15.Bg5 f6 
16.Bh4 Qf7 17.Bg3 Nh6 18.Kh1 Rad8 19.Bxe6 Nxe6 20.Nc4 f5 21.Nxb6 cxb6 22.
exf5 Nxf5 23.Nd2 Nc5 24.Nc4 h5 25.Ne3 Rc8 26.Qd1 Qg6 27.d4 Nxg3+ 28.hxg3 
Nd3 29.Nd5 Rce8 30.Qc2 e4 31.Re2 Rf5 32.c4 h4 33.gxh4 Qg4 34.Re3 Qxh4+ 35.
Kg1 Re6 36.Rh3 Qg5 37.Qe2 Nf4 38.Nxf4 Qxf4 39.Qe3 Rg6 40.Qxf4 Rxf4 41.Re1 
Rgf6 42.Re2 Rf7 43.Rc3 Rc7 44.Rec2 Kf7 45.g3 Rf5 46.Kf1 Ke8 47.Ke2 Rcf7 
48.Ke3 g6 49.c5 bxc5 50.dxc5 dxc5 51.Rxc5 Rxc5 52.Rxc5 Rf3+ 53.Ke2 Rb3 54.
Re5+ Kf7 55.Rxe4 Kf6 56.g4 g5 57.Kd2 Rf3 58.Ke2 Ra3 59.f4 gxf4 60.Rxf4+ 
Ke5 61.Rf5+ Ke6 62.Rf4 Ke5 63.Rc4 Kd5 64.Rc7 Rxa4 65.Kf3 Rb4 66.Rxb7 a4 
67.g5 Rb1 68.Kf4 a3 69.Ra7 Rxb5 70.Rxa3 Ke6 71.Ra7 Rb4+ 72.Kg3 Kf5 1/2-1/2

[Event "7th Essent op"]
[Site "Hoogeveen NED"]
[Date "2003.10.15"]
[Round "6.32"]
[White "Slisser, Theo"]
[Black "Nagel, Yvette"]
[Result "1/2-1/2"]
[WhiteElo "2161"]
[BlackElo "2075"]
[EventDate "2003.10.10"]
[PlyCount "36"]

1.d4 Nf6 2.c4 e6 3.Nf3 b6 4.a3 Bb7 5.Nc3 d5 6.Bg5 Be7 7.Qa4+ Qd7 8.Qxd7+ 
Nbxd7 9.Nb5 Bd8 10.cxd5 Bxd5 11.Bf4 Bxf3 12.gxf3 Nd5 13.Bd2 a6 14.e4 N5f6 
15.Nc3 c5 16.Be3 cxd4 17.Bxd4 Bc7 18.Be2 O-O 1/2-1/2

[Event "7th Essent op"]
[Site "Hoogeveen NED"]
[Date "2003.10.16"]
[Round "7.1"]
[White "Inarkiev, Ernesto"]
[Black "Glek, Igor Vladimirovich"]
[Result "1-0"]
[WhiteElo "2593"]
[BlackElo "2555"]
[EventDate "2003.10.10"]
[PlyCount "77"]

1.e4 e6 2.d4 d5 3.Nc3 Nf6 4.Bg5 Bb4 5.e5 h6 6.Bd2 Bxc3 7.bxc3 Ne4 8.Qg4 g6
9.Qf4 c5 10.Bd3 Nxd2 11.Qxd2 Nc6 12.Nf3 cxd4 13.cxd4 Bd7 14.O-O Kf8 15.
Rab1 b6 16.c3 Kg7 17.Rbe1 Rc8 18.g3 Rc7 19.h4 Ne7 20.h5 Nf5 21.Kg2 g5 22.
Nh2 Qe7 23.Ng4 Rhc8 24.Rc1 Qa3 25.Nf6 Ba4 26.Ba6 Rh8 27.g4 Nh4+ 28.Kg3 Bd7
29.f4 Qxa6 30.fxg5 hxg5 31.Qxg5+ Ng6 32.Rf3 Qe2 33.Rh1 Qxf3+ 34.Kxf3 Rxc3+
35.Kg2 Rc2+ 36.Kg1 Rhc8 37.hxg6 Rc1+ 38.Kg2 R8c2+ 39.Kg3 1-0

[Event "7th Essent op"]
[Site "Hoogeveen NED"]
[Date "2003.10.16"]
[Round "7.2"]
[White "Rogers, Ian"]
[Black "l`Ami, Erwin"]
[Result "1/2-1/2"]
[WhiteElo "2574"]
[BlackElo "2470"]
[EventDate "2003.10.10"]
[PlyCount "96"]

1.c4 c6 2.Nf3 d5 3.b3 Nf6 4.Bb2 Bg4 5.d3 Bxf3 6.exf3 e6 7.Nd2 Bd6 8.g3 O-O
9.Bg2 Nbd7 10.O-O Re8 11.f4 e5 12.fxe5 Bxe5 13.d4 Bd6 14.c5 Bf8 15.b4 g6 
16.a4 Bg7 17.Qc2 Nf8 18.Rfe1 Ne6 19.Nb3 Qd7 20.Re2 Ng5 21.Rae1 Rxe2 22.
Rxe2 Re8 23.Rxe8+ Qxe8 24.Qd1 Qd7 25.Qe2 Qf5 26.Bc1 Ne6 27.Bf1 Ne4 28.Be3 
N6g5 29.Bg2 Nh3+ 30.Bxh3 Qxh3 31.f3 Nc3 32.Qc2 Nxa4 33.Na5 Qe6 34.Bf2 b5 
35.cxb6 Nxb6 36.Nxc6 Nc4 37.Qa4 Qe2 38.Qb5 Bf6 39.Nxa7 Qxf3 40.Qe8+ Kg7 
41.Nc6 Qd1+ 42.Qe1 Qa4 43.Ne5 Nxe5 44.dxe5 Be7 45.e6 Qxb4 46.Qe5+ Bf6 47.
Qxd5 fxe6 48.Qxe6 Qe7 1/2-1/2

[Event "7th Essent op"]
[Site "Hoogeveen NED"]
[Date "2003.10.16"]
[Round "7.3"]
[White "Pert, Nicholas"]
[Black "Dvoirys, Semen I"]
[Result "1-0"]
[WhiteElo "2488"]
[BlackElo "2569"]
[EventDate "2003.10.10"]
[PlyCount "119"]

1.d4 Nf6 2.c4 g6 3.Nc3 d5 4.cxd5 Nxd5 5.e4 Nxc3 6.bxc3 Bg7 7.Bc4 c5 8.Ne2 
Nc6 9.Be3 O-O 10.O-O Qc7 11.Rc1 e6 12.Qd2 Na5 13.Bd3 b6 14.Bh6 Bb7 15.e5 
Rad8 16.Bxg7 Kxg7 17.Qg5 f6 18.exf6+ Rxf6 19.Ng3 Rf7 20.Rfe1 Rd5 21.Nh5+ 
Kf8 22.Qh6+ Ke7 23.Ng7 Bc8 24.Qh4+ Kf8 25.Nxe6+ Bxe6 26.Rxe6 Rh5 27.Qg3 
cxd4 28.c4 Nb7 29.Be2 Ra5 30.Rd1 Nc5 31.Re5 Rxa2 32.Rxd4 Ra1+ 33.Bf1 Nb3 
34.Qe3 Rxf1+ 35.Kxf1 Nxd4 36.Re8+ Kg7 37.Qxd4+ Rf6 38.g3 Qc5 39.Qxc5 bxc5 
40.Rc8 Ra6 41.Rxc5 Ra2 42.Rc7+ Kg8 43.c5 h5 44.Kg2 h4 45.gxh4 Kf8 46.Kg3 
Ke8 47.f3 a5 48.Ra7 a4 49.Kf4 Rxh2 50.Ke5 Rxh4 51.f4 Rh1 52.Rxa4 Kd7 53.
Ra7+ Kc6 54.Ra6+ Kxc5 55.Rxg6 Re1+ 56.Kf6 Kd6 57.f5 Rf1 58.Rg2 Kd7 59.Re2 
Kd8 60.Kg6 1-0

[Event "7th Essent op"]
[Site "Hoogeveen NED"]
[Date "2003.10.16"]
[Round "7.4"]
[White "Stellwagen, Daniel"]
[Black "Izoria, Zviad"]
[Result "0-1"]
[WhiteElo "2487"]
[BlackElo "2546"]
[EventDate "2003.10.10"]
[PlyCount "82"]

1.e4 c6 2.d4 d5 3.Nc3 dxe4 4.Nxe4 Bf5 5.Ng3 Bg6 6.h4 h6 7.Nf3 Nd7 8.Bd3 
Bxd3 9.Qxd3 e6 10.Bf4 Qa5+ 11.Bd2 Qc7 12.O-O-O Ngf6 13.Ne4 O-O-O 14.g3 Nc5
15.Nxc5 Bxc5 16.Kb1 Rhe8 17.Rhe1 Bd6 18.c4 c5 19.b4 cxb4 20.Rc1 Qa5 21.Qb3
Qa3 22.Qxa3 bxa3 23.c5 Bc7 24.Re3 Nd5 25.Rxa3 Kb8 26.Ba5 Bxa5 27.Rxa5 Ne7 
28.Ra4 Nc6 29.Ne5 Nxe5 30.dxe5 Rd5 31.f4 Rc8 32.Rac4 h5 33.Rg1 b5 34.Rc2 
Kb7 35.Rgc1 Kc6 36.Rg1 Rcd8 37.g4 Rd1+ 38.Rc1 Rxg1 39.Rxg1 hxg4 40.Rxg4 g6
41.Kc2 Rd4 0-1

[Event "7th Essent op"]
[Site "Hoogeveen NED"]
[Date "2003.10.16"]
[Round "7.5"]
[White "Grigoriants, Sergey"]
[Black "Baramidze, David"]
[Result "1-0"]
[WhiteElo "2525"]
[BlackElo "2463"]
[EventDate "2003.10.10"]
[PlyCount "77"]

1.e4 c5 2.Nc3 Nc6 3.Nf3 e5 4.Bc4 d6 5.d3 Be7 6.O-O h6 7.Ne1 Nf6 8.f4 exf4 
9.Bxf4 O-O 10.Nf3 Be6 11.Nd5 Bxd5 12.exd5 Nb4 13.Bd2 Nbxd5 14.Nh4 Nb6 15.
Bb3 d5 16.Nf5 c4 17.Qf3 cxb3 18.Bxh6 Ne8 19.Nxg7 Nxg7 20.Bxg7 Kxg7 21.Qg4+
Bg5 22.Rf5 f6 23.h4 Qe7 24.axb3 Qe3+ 25.Kf1 Rae8 26.Rf3 Qe5 27.Kg1 Rh8 28.
hxg5 fxg5 29.d4 Qe7 30.Rg3 Kg6 31.Rf1 Ref8 32.Rxf8 Rxf8 33.Rh3 Qg7 34.Qh5+
Kf6 35.Re3 g4 36.Re5 Qd7 37.Qg5+ Kf7 38.Rf5+ Ke8 39.Qg6+ 1-0

[Event "7th Essent op"]
[Site "Hoogeveen NED"]
[Date "2003.10.16"]
[Round "7.7"]
[White "Beshukov, Sergei"]
[Black "Jens, Jelmer"]
[Result "0-1"]
[WhiteElo "2506"]
[BlackElo "2387"]
[EventDate "2003.10.10"]
[PlyCount "78"]

1.e4 c5 2.Nc3 Nc6 3.Nf3 d6 4.d4 cxd4 5.Nxd4 Nf6 6.Bg5 e6 7.Qd2 a6 8.O-O-O 
Bd7 9.f3 Be7 10.h4 h6 11.Be3 h5 12.Bg5 Qc7 13.Kb1 Ne5 14.Bd3 b5 15.Rhe1 b4
16.Nce2 a5 17.Ng3 g6 18.f4 Nxd3 19.Qxd3 e5 20.fxe5 dxe5 21.Nb5 Bxb5 22.
Qxb5+ Nd7 23.Rd5 Bxg5 24.hxg5 Ke7 25.Red1 Rhd8 26.Qf1 Rac8 27.Qf2 Ke8 28.
Rf1 Nb6 29.Rxe5+ Kf8 30.Rxa5 Rd7 31.Rc1 Nc4 32.Rd5 Rxd5 33.exd5 Qe5 34.c3 
Qxd5 35.Nf1 bxc3 36.bxc3 Qxg5 37.Re1 Qa5 38.Qd4 Qb5+ 39.Kc2 Kg8 0-1

[Event "7th Essent op"]
[Site "Hoogeveen NED"]
[Date "2003.10.16"]
[Round "7.8"]
[White "Motylev, Alexander"]
[Black "Willemze, Thomas"]
[Result "1-0"]
[WhiteElo "2634"]
[BlackElo "2232"]
[EventDate "2003.10.10"]
[PlyCount "99"]

1.e4 c6 2.d4 d5 3.Nc3 dxe4 4.Nxe4 Bf5 5.Ng3 Bg6 6.h4 h6 7.Nf3 Nd7 8.h5 Bh7
9.Bd3 Bxd3 10.Qxd3 e6 11.Bf4 Ngf6 12.O-O-O Be7 13.Kb1 O-O 14.Ne4 Qa5 15.g4
Nxg4 16.Ne5 Ndxe5 17.dxe5 Rad8 18.Qh3 Nxe5 19.Qg3 Rxd1+ 20.Rxd1 Ng4 21.
Qxg4 f5 22.Qg6 fxe4 23.Bxh6 Qe5 24.Be3 Bf6 25.c3 Qf5 26.Rd7 b5 27.Bxa7 Rd8
28.Rxd8+ Bxd8 29.Bd4 e3+ 30.Kc1 Qxg6 31.hxg6 exf2 32.Bxf2 Kf8 33.b3 Bf6 
34.Kc2 Ke7 35.a4 bxa4 36.bxa4 Kd6 37.Kd3 Kc7 38.Bd4 e5 39.Bc5 e4+ 40.Kxe4 
Bxc3 41.Bd4 Bd2 42.Bxg7 Kd7 43.Kd3 Bg5 44.Bd4 Bh6 45.a5 Kc7 46.a6 Bf8 47.
Kc4 Kb8 48.Bc5 Bg7 49.Kd3 Ka8 50.Ke4 1-0

[Event "7th Essent op"]
[Site "Hoogeveen NED"]
[Date "2003.10.16"]
[Round "7.9"]
[White "Hebden, Mark"]
[Black "Van de Oudeweetering, Arthur"]
[Result "0-1"]
[WhiteElo "2560"]
[BlackElo "2389"]
[EventDate "2003.10.10"]
[PlyCount "68"]

1.d4 d5 2.c4 c6 3.Nf3 Nf6 4.e3 e6 5.Bd3 Nbd7 6.b3 Bb4+ 7.Bd2 Bd6 8.Nc3 O-O
9.O-O e5 10.cxd5 cxd5 11.Nb5 Bb8 12.dxe5 Nxe5 13.Bc3 Nxf3+ 14.Qxf3 Bg4 15.
Bxf6 Qd7 16.Bf5 Bxf5 17.Bxg7 Kxg7 18.Rfd1 Bg4 19.Qxd5 Qxd5 20.Rxd5 Be6 21.
Rg5+ Kf6 22.f4 a6 23.Nc3 Ba7 24.Kf2 Rad8 25.Re5 Rd2+ 26.Kf3 Rd3 27.Ne4+ 
Ke7 28.Nc5 Rd5 29.Nxe6 Rxe5 30.Nxf8 Rxe3+ 31.Kg4 Kxf8 32.g3 Bc5 33.Rd1 Re2
34.Rd5 Be7 0-1

[Event "7th Essent op"]
[Site "Hoogeveen NED"]
[Date "2003.10.16"]
[Round "7.10"]
[White "Janssen, Ruud"]
[Black "Afek, Yochanan"]
[Result "1/2-1/2"]
[WhiteElo "2489"]
[BlackElo "2376"]
[EventDate "2003.10.10"]
[PlyCount "64"]

1.d4 d5 2.c4 dxc4 3.Nf3 c5 4.d5 e6 5.Nc3 exd5 6.Qxd5 Qxd5 7.Nxd5 Na6 8.e4 
Ne7 9.Bf4 Nxd5 10.exd5 Bf5 11.Bxc4 f6 12.O-O-O O-O-O 13.Rhe1 g5 14.Bd2 Bd6
15.Bc3 Rhf8 16.Bxa6 bxa6 17.Nd2 Bg4 18.f3 Bf5 19.g3 h5 20.Nc4 h4 21.b4 Kd7
22.g4 Rc8 23.Nxd6 Kxd6 24.Kb2 Bd7 25.Ka3 a5 26.bxa5 Rce8 27.Rxe8 Rxe8 28.
Bxf6 Re3+ 29.Kb2 Rxf3 30.Bxg5 Bxg4 31.Rd2 c4 32.Rc2 Kxd5 1/2-1/2

[Event "7th Essent op"]
[Site "Hoogeveen NED"]
[Date "2003.10.16"]
[Round "7.11"]
[White "Williams, Simon Kim"]
[Black "Van der Werf, Mark"]
[Result "1-0"]
[WhiteElo "2380"]
[BlackElo "2423"]
[EventDate "2003.10.10"]
[PlyCount "97"]

1.d4 d5 2.c4 e6 3.Nc3 c6 4.e4 dxe4 5.Nxe4 Bb4+ 6.Bd2 Qxd4 7.Bxb4 Qxe4+ 8.
Be2 Na6 9.Bd6 b6 10.Nf3 Bb7 11.Ne5 Qf5 12.Bd3 Qf6 13.Be4 Ne7 14.Qh5 Nf5 
15.Bxf5 exf5 16.O-O-O O-O-O 17.Qxf7 Rxd6 18.Rxd6 Qxd6 19.Qxf5+ Kb8 20.Nf7 
Qf8 21.Rd1 Bc8 22.Qe5+ Nc7 23.Nxh8 Qxh8 24.Qe7 Qe8 25.Qxe8 Nxe8 26.Rd8 Nc7
27.Rh8 h6 28.f4 Kb7 29.Rg8 Be6 30.Rxg7 Bxc4 31.b3 Bd3 32.g4 c5 33.f5 Kc6 
34.f6 Ne6 35.Rxa7 Bg6 36.h4 h5 37.gxh5 Bxh5 38.Rh7 Bg6 39.Rh8 Kd6 40.h5 
Bf5 41.Rg8 Kd7 42.h6 b5 43.a4 bxa4 44.bxa4 c4 45.Kb2 Nd8 46.h7 Bxh7 47.
Rg7+ Ke6 48.Rxh7 Kxf6 49.a5 1-0

[Event "7th Essent op"]
[Site "Hoogeveen NED"]
[Date "2003.10.16"]
[Round "7.12"]
[White "Ris, Robert"]
[Black "Werle, Jan"]
[Result "1/2-1/2"]
[WhiteElo "2297"]
[BlackElo "2409"]
[EventDate "2003.10.10"]
[PlyCount "38"]

1.e4 c5 2.Nf3 d6 3.d4 cxd4 4.Nxd4 Nf6 5.Nc3 Nc6 6.Be3 Ng4 7.Bb5 Nxe3 8.
fxe3 Bd7 9.Bxc6 bxc6 10.O-O e6 11.Qf3 Qf6 12.Qe2 Qg5 13.Rf3 Be7 14.Rg3 Qh6
15.Rh3 Qg5 16.Rg3 Qh6 17.Rh3 Qg5 18.Rg3 Qh6 19.Rh3 Qg5 1/2-1/2

[Event "7th Essent op"]
[Site "Hoogeveen NED"]
[Date "2003.10.16"]
[Round "7.13"]
[White "Grooten, Herman"]
[Black "Erwich, Marc"]
[Result "1-0"]
[WhiteElo "2390"]
[BlackElo "2333"]
[EventDate "2003.10.10"]
[PlyCount "43"]

1.d4 Nf6 2.Nf3 b6 3.c4 Bb7 4.Nc3 e6 5.a3 d5 6.Bg5 Be7 7.Qa4+ c6 8.Bxf6 
Bxf6 9.cxd5 exd5 10.g3 O-O 11.Bg2 Re8 12.O-O Na6 13.Rfd1 Nc7 14.Rac1 g6 
15.e3 Ne6 16.b4 Ng7 17.b5 Qd6 18.Qb3 Qd7 19.Ne1 Red8 20.bxc6 Bxc6 21.Nd3 
Rac8 22.Nb4 1-0

[Event "7th Essent op"]
[Site "Hoogeveen NED"]
[Date "2003.10.16"]
[Round "7.14"]
[White "Dambacher, Martijn"]
[Black "Spoelman, Wouter"]
[Result "1/2-1/2"]
[WhiteElo "2419"]
[BlackElo "2193"]
[EventDate "2003.10.10"]
[PlyCount "122"]

1.d4 Nf6 2.c4 e6 3.Nc3 Bb4 4.e3 c5 5.Bd3 Nc6 6.Ne2 cxd4 7.exd4 d5 8.cxd5 
Nxd5 9.O-O O-O 10.Bc2 Bd6 11.Qd3 Qh4 12.g3 Qh3 13.Nxd5 exd5 14.Bf4 Be7 15.
Bd2 Bd6 16.Bf4 Be7 17.Bd2 Bd6 18.Nf4 Bxf4 19.Bxf4 Nb4 20.Qxh7+ Qxh7 21.
Bxh7+ Kxh7 22.Bd6 Bh3 23.Bxb4 Bxf1 24.Bxf8 Bh3 25.Bb4 Re8 26.Re1 Rxe1+ 27.
Bxe1 g5 28.f3 g4 29.fxg4 Kg6 30.Bd2 Bxg4 31.Kg2 Kf5 32.h3 Bd1 33.g4+ Ke4 
34.Kg3 f5 35.Bc3 fxg4 36.hxg4 Be2 37.Kh4 Bd1 38.g5 Kf5 39.Bd2 Be2 40.Kg3 
Bh5 41.Kf2 Ke4 42.Kg3 Kf5 43.Be3 Ke4 44.Bd2 Kf5 45.Kh4 Bd1 46.Bb4 Be2 47.
Be7 Bd1 48.Kg3 Bh5 49.Kf2 Ke4 50.Bf6 a6 51.a3 Kd3 52.Kg3 Ke4 53.Kh4 Be8 
54.Kg4 Bg6 55.Bd8 Be8 56.Bb6 Bg6 57.Kg3 Kf5 58.Bd8 Ke4 59.Bf6 Bh5 60.Kh4 
Bg6 61.Kh3 Be8 1/2-1/2

[Event "7th Essent op"]
[Site "Hoogeveen NED"]
[Date "2003.10.16"]
[Round "7.15"]
[White "Pel, Bonno"]
[Black "Jonkman, Harmen"]
[Result "0-1"]
[WhiteElo "2304"]
[BlackElo "2414"]
[EventDate "2003.10.10"]
[PlyCount "114"]

1.e4 e6 2.d4 d5 3.Nc3 Nc6 4.Nf3 Nf6 5.e5 Ne4 6.Bb5 Bd7 7.O-O Be7 8.Bd3 f5 
9.exf6 Nxf6 10.Re1 O-O 11.a3 Qc8 12.Ne2 Nh5 13.c3 Rxf3 14.gxf3 Qf8 15.Ng3 
Nf4 16.Bxf4 Qxf4 17.Re3 Rf8 18.Qe2 Qh6 19.Re1 Bg5 20.Rxe6 Bxe6 21.Qxe6+ 
Qxe6 22.Rxe6 Rxf3 23.Bf5 Ne7 24.Bg4 Rf4 25.f3 Rf8 26.Re5 Bf6 27.Be6+ Kh8 
28.Re1 g6 29.Kg2 Bg5 30.Re5 Bf4 31.Re1 Rd8 32.Ne2 Bd2 33.Rd1 Bh6 34.Nc1 
Rd6 35.Bg4 Bxc1 36.Rxc1 Rb6 37.Rc2 Kg7 38.Re2 Kf6 39.f4 Kf7 40.Kf3 Ng8 41.
Ke3 Nf6 42.Bf3 Re6+ 43.Kd3 Nd7 44.Bg4 Nb6 45.b3 Rf6 46.Rf2 a5 47.c4 Ke7 
48.c5 Nd7 49.Re2+ Kd8 50.Ke3 Nf8 51.Bf3 Ne6 52.Rg2 c6 53.Rg4 h5 54.Rh4 Ng7
55.Rh3 Re6+ 56.Kd3 Nf5 57.Be2 Re4 0-1

[Event "7th Essent op"]
[Site "Hoogeveen NED"]
[Date "2003.10.16"]
[Round "7.16"]
[White "Prasad, Devaki V"]
[Black "Van Beek, Alexander"]
[Result "1/2-1/2"]
[WhiteElo "2409"]
[BlackElo "2276"]
[EventDate "2003.10.10"]
[PlyCount "98"]

1.e4 c6 2.d4 d5 3.e5 Bf5 4.Nf3 e6 5.a3 Ne7 6.Be2 h6 7.Nbd2 Nd7 8.O-O Ng6 
9.Re1 Be7 10.c4 Nf4 11.Bf1 Nd3 12.Re3 dxc4 13.Nxc4 Nxc1 14.Rxc1 Nb6 15.Bd3
Nxc4 16.Rxc4 Bxd3 17.Rxd3 Qd5 18.Nd2 O-O-O 19.b4 Kb8 20.Qc2 h5 21.h3 f5 
22.exf6 Bxf6 23.Rc5 Qd6 24.Nf3 Qf4 25.Qe2 Bxd4 26.Nxd4 Rxd4 27.Rxd4 Qxd4 
28.Qxe6 Rd8 29.Rf5 h4 30.Rf7 g5 31.Qf5 Qd1+ 32.Kh2 Qd6+ 33.f4 gxf4 34.Qxf4
a5 35.bxa5 Ka7 36.Qxd6 Rxd6 37.Rf4 Rh6 38.g4 hxg3+ 39.Kxg3 Rh5 40.Kg4 Rxa5
41.a4 b5 42.axb5 cxb5 43.h4 Kb6 44.h5 Kc5 45.h6 Ra8 46.Kh5 b4 47.h7 Rh8 
48.Kg6 b3 49.Rf7 Kc4 1/2-1/2

[Event "7th Essent op"]
[Site "Hoogeveen NED"]
[Date "2003.10.16"]
[Round "7.17"]
[White "Willemze, Jeroen"]
[Black "De Jong, Migchiel"]
[Result "1-0"]
[WhiteElo "2380"]
[BlackElo "2274"]
[EventDate "2003.10.10"]
[PlyCount "53"]

1.e4 c5 2.Nf3 e6 3.d4 cxd4 4.Nxd4 a6 5.Nc3 b5 6.Bd3 Qb6 7.Nf3 d6 8.O-O Nd7
9.Be3 Qc7 10.a4 b4 11.Na2 Rb8 12.Qe2 Ngf6 13.c3 bxc3 14.Nxc3 Be7 15.Bxa6 
Bxa6 16.Qxa6 Rxb2 17.Nb5 Qb8 18.Ba7 Qd8 19.Nxd6+ Bxd6 20.Qxd6 Qe7 21.Qc7 
O-O 22.Bd4 Ne8 23.Qa7 Rb4 24.Rfd1 Rc4 25.Be5 f6 26.Rxd7 Qa3 27.Rdd1 1-0

[Event "7th Essent op"]
[Site "Hoogeveen NED"]
[Date "2003.10.16"]
[Round "7.18"]
[White "Dogge, Marc"]
[Black "Okkes, Menno"]
[Result "0-1"]
[WhiteElo "2228"]
[BlackElo "2352"]
[EventDate "2003.10.10"]
[PlyCount "58"]

1.e4 c6 2.d4 d5 3.Nc3 dxe4 4.Nxe4 Bf5 5.Ng3 Bg6 6.h4 h6 7.Nf3 e6 8.Ne5 Bh7
9.Qh5 Qc7 10.Bc4 Nf6 11.Qf3 Bxc2 12.Bf4 Bd6 13.O-O O-O 14.Rac1 Bh7 15.b4 
Nbd7 16.b5 Nxe5 17.dxe5 Bxe5 18.Bxe5 Qxe5 19.bxc6 bxc6 20.Qxc6 Qf4 21.Ba6 
Qxh4 22.Rc4 Qg5 23.Rc5 Qd2 24.Rfc1 Rab8 25.a4 Rb6 26.Qf3 Rxa6 27.Rc8 Rd6 
28.Rxf8+ Kxf8 29.Rc8+ Rd8 0-1

[Event "7th Essent op"]
[Site "Hoogeveen NED"]
[Date "2003.10.16"]
[Round "7.19"]
[White "Archangelsky, Mikhail"]
[Black "Timmermans, Ivo"]
[Result "1/2-1/2"]
[WhiteElo "2344"]
[BlackElo "2213"]
[EventDate "2003.10.10"]
[PlyCount "47"]

1.d4 d5 2.Bg5 h6 3.Bh4 c6 4.e3 Qb6 5.Qc1 Bf5 6.Nf3 Nd7 7.c4 e6 8.Nc3 Ngf6 
9.h3 Ne4 10.Nxe4 Bxe4 11.Nd2 Bh7 12.c5 Qc7 13.Bg3 Qc8 14.b4 Be7 15.Be2 O-O
16.O-O Bf6 17.Bd6 Re8 18.f4 Be7 19.Bxe7 Rxe7 20.Bf3 Qc7 21.g3 b6 22.Qc3 
bxc5 23.bxc5 Nf6 24.Be2 1/2-1/2

[Event "7th Essent op"]
[Site "Hoogeveen NED"]
[Date "2003.10.16"]
[Round "7.20"]
[White "Rubingh, Otto"]
[Black "Doggers, Peter"]
[Result "1-0"]
[WhiteElo "2299"]
[BlackElo "2209"]
[EventDate "2003.10.10"]
[PlyCount "52"]

1.d4 Nf6 2.c4 g6 3.Nc3 Bg7 4.e4 d6 5.Bg5 O-O 6.Qd2 Na6 7.Bd3 e5 8.d5 Qe8 
9.Nge2 Nh5 10.f3 f6 11.Be3 f5 12.exf5 gxf5 13.O-O-O Nc5 14.Bc2 a6 15.g4 
fxg4 16.fxg4 Bxg4 17.Rhg1 Bf5 18.Ng3 Bxc2 19.Qxc2 Kh8 20.Nf5 Rg8 21.Bxc5 
dxc5 22.Ne4 Qf8 23.Ng5 Bh6 24.h4 Bxg5+ 25.hxg5 Qf7 26.Qe4 Ng7 1-0

[Event "7th Essent op"]
[Site "Hoogeveen NED"]
[Date "2003.10.16"]
[Round "7.21"]
[White "Potze, Rudolf"]
[Black "Lorscheid, Gerhard"]
[Result "1-0"]
[WhiteElo "2124"]
[BlackElo "2297"]
[EventDate "2003.10.10"]
[PlyCount "49"]

1.e4 d6 2.d4 g6 3.Nc3 Bg7 4.Be3 Nd7 5.Qd2 a6 6.h4 h6 7.O-O-O b5 8.f4 Ngf6 
9.e5 b4 10.Na4 Ng4 11.h5 Nf8 12.Bc4 Bd7 13.Bb3 Bb5 14.c4 bxc3 15.Nxc3 Bd7 
16.Nf3 Qc8 17.Rhe1 gxh5 18.Nh4 dxe5 19.dxe5 Ne6 20.Nf5 Rg8 21.Qd5 Bf8 22.
Qc4 Nd8 23.Nd5 Ne6 24.Ba4 Bb5 25.Qc6+ 1-0

[Event "7th Essent op"]
[Site "Hoogeveen NED"]
[Date "2003.10.16"]
[Round "7.22"]
[White "Wempe, Joost"]
[Black "Van Lommel, Patrick"]
[Result "1-0"]
[WhiteElo "2259"]
[BlackElo "2168"]
[EventDate "2003.10.10"]
[PlyCount "80"]

1.e4 e6 2.d4 d5 3.Nc3 Bb4 4.e5 c5 5.a3 Bxc3+ 6.bxc3 Qc7 7.Qg4 f5 8.Qh5+ g6
9.Qd1 Bd7 10.Nf3 Ba4 11.Bd2 Nc6 12.Rb1 O-O-O 13.Bb5 Bxb5 14.Rxb5 a6 15.Rb1
h6 16.h4 Nge7 17.Kf1 g5 18.hxg5 hxg5 19.Rg1 cxd4 20.Nxg5 Nxe5 21.cxd4 Ng4 
22.Nf7 Nc6 23.Nxd8 Nxd4 24.Nf7 Nh2+ 25.Ke1 Rh4 26.Ng5 f4 27.Bb4 Nxc2+ 28.
Kd2 f3 29.g4 Qf4+ 30.Kxc2 Qxg5 31.Rc1 Rh7 32.Bd6 Nxg4 33.Kb2+ Kd7 34.Rc7+ 
Kxd6 35.Rxh7 Qf5 36.Qc2 Qxc2+ 37.Kxc2 Nxf2 38.Rf1 Ne4 39.Rxb7 Nc5 40.Ra7 
e5 1-0

[Event "7th Essent op"]
[Site "Hoogeveen NED"]
[Date "2003.10.16"]
[Round "7.23"]
[White "Jongsma, Daan"]
[Black "Van Geffen, Ben"]
[Result "0-1"]
[WhiteElo "2248"]
[BlackElo "2150"]
[EventDate "2003.10.10"]
[PlyCount "78"]

1.e4 e5 2.Nf3 Nc6 3.d4 exd4 4.Nxd4 Bc5 5.Nxc6 Qf6 6.Qd2 dxc6 7.Nc3 Be6 8.
Na4 Rd8 9.Bd3 Bd4 10.O-O Qh4 11.Qf4 Qh5 12.Qg5 Qxg5 13.Bxg5 Ne7 14.Rad1 a5
15.c3 Ba7 16.b3 b5 17.Nb2 f6 18.Bf4 Rd7 19.Bc2 Ng6 20.Bg3 Kd8 21.Rxd7+ 
Kxd7 22.Rd1+ Kc8 23.Kf1 Bc5 24.h3 Ba3 25.Nd3 Bd6 26.f4 Bf7 27.e5 fxe5 28.
Nxe5 Nxe5 29.fxe5 Bc5 30.Bf5+ Kb7 31.Ke1 Bd5 32.Rd2 g6 33.Bd7 Rd8 34.e6 
Be7 35.Rf2 Kb6 36.Rf7 Rxd7 37.Bf2+ c5 38.b4 Kc6 39.Bxc5 Bh4+ 0-1

[Event "7th Essent op"]
[Site "Hoogeveen NED"]
[Date "2003.10.16"]
[Round "7.24"]
[White "Slisser, Theo"]
[Black "Knol, Geon"]
[Result "1-0"]
[WhiteElo "2161"]
[BlackElo "2163"]
[EventDate "2003.10.10"]
[PlyCount "117"]

1.d4 d5 2.c4 e6 3.Nc3 Nf6 4.cxd5 exd5 5.Bg5 Be7 6.e3 c6 7.Qc2 Nbd7 8.Bd3 
h6 9.Bh4 O-O 10.Nf3 Re8 11.O-O Nf8 12.Rae1 Ne4 13.Bxe7 Qxe7 14.b4 a5 15.b5
Nxc3 16.Qxc3 cxb5 17.Bxb5 Bd7 18.Rb1 Rec8 19.Qd2 Bf5 20.Bd3 Bxd3 21.Qxd3 
Qe4 22.Qb5 Rc7 23.Rbc1 Rxc1 24.Rxc1 Ra6 25.Ne5 Rf6 26.Qxb7 Qf5 27.f3 Qg5 
28.f4 Qh5 29.Qxd5 Qe2 30.Qb3 a4 31.Qd3 Qxa2 32.h3 h5 33.Rc8 Qd5 34.Qa3 Rd6
35.Nd7 Rxd7 36.Qxf8+ Kh7 37.Qh8+ Kg6 38.Rc5 Rd8 39.Rxd5 Rxh8 40.Ra5 Rc8 
41.Rxa4 Kf5 42.Ra5+ Ke4 43.Re5+ Kd3 44.Kf2 g6 45.Re7 f5 46.g4 h4 47.gxf5 
gxf5 48.Re5 Rc2+ 49.Kf3 Rh2 50.Rxf5 Rxh3+ 51.Kg4 Rxe3 52.d5 h3 53.Rh5 Kd4 
54.Rxh3 Rxh3 55.Kxh3 Kxd5 56.Kg4 Ke6 57.Kg5 Kf7 58.Kf5 Kg8 59.Kf6 1-0

[Event "7th Essent op"]
[Site "Hoogeveen NED"]
[Date "2003.10.16"]
[Round "7.26"]
[White "Van Weersel, Arlette"]
[Black "Hulshof, Peter"]
[Result "1/2-1/2"]
[WhiteElo "2128"]
[BlackElo "2202"]
[EventDate "2003.10.10"]
[PlyCount "53"]

1.e4 g6 2.d4 Bg7 3.c3 d5 4.exd5 Qxd5 5.Nf3 c5 6.Na3 Bg4 7.Bc4 Qe4+ 8.Be3 
Nh6 9.dxc5 Nc6 10.Bd5 Qf5 11.h3 O-O-O 12.hxg4 Nxg4 13.c4 Nxe3 14.fxe3 e6 
15.Nb5 exd5 16.Nd6+ Rxd6 17.cxd6 dxc4 18.d7+ Kc7 19.Rc1 Rd8 20.Rxh7 Bxb2 
21.Rxc4 Rxd7 22.Qc2 Qa5+ 23.Kf2 Ba1 24.Ra4 Qd5 25.Rxa7 g5 26.Ra4 Re7 27.
Rh1 1/2-1/2

[Event "7th Essent op"]
[Site "Hoogeveen NED"]
[Date "2003.10.16"]
[Round "7.27"]
[White "Malinarski, Yehuda"]
[Black "Hendriks, Richard V"]
[Result "0-1"]
[WhiteElo "2180"]
[BlackElo "2108"]
[EventDate "2003.10.10"]
[PlyCount "130"]

1.e4 c5 2.Nf3 e6 3.d4 cxd4 4.Nxd4 Qb6 5.Nb3 Qc7 6.Bd3 Nf6 7.O-O Be7 8.c4 
d6 9.Nc3 a6 10.f4 Nc6 11.Be3 b6 12.Rc1 Qb8 13.Na4 Nd7 14.Qg4 g6 15.Qe2 O-O
16.Nc3 Nc5 17.Nxc5 dxc5 18.e5 f5 19.exf6 Bxf6 20.Be4 Nd4 21.Bxd4 Bxd4+ 22.
Kh1 Ra7 23.g3 Raf7 24.Bg2 Kg7 25.Ne4 h6 26.b3 Bb7 27.Rfe1 e5 28.fxe5 Rf2 
29.Nxf2 Rxf2 30.Qxf2 Bxf2 31.Rf1 Bd4 32.e6 Bxg2+ 33.Kxg2 Qb7+ 34.Kh3 Qe4 
35.Rce1 Be3 36.e7 Qxe7 37.Rf3 Qd7+ 38.g4 h5 39.Kg2 Qd2+ 40.Kf1 Bg5 41.gxh5
Qxh2 42.hxg6 Bh4 43.Ree3 Qh1+ 44.Ke2 Qe1+ 45.Kd3 Qb1+ 46.Ke2 Qxa2+ 47.Kf1 
Qb1+ 48.Kg2 Qxg6+ 49.Kh3 Qh5 50.Kg2 b5 51.cxb5 axb5 52.Rd3 Qg4+ 53.Kf1 c4 
54.bxc4 bxc4 55.Ra3 Qd4 56.Ke2 Kg6 57.Ra6+ Kg5 58.Rfa3 Qe4+ 59.Kd1 Bf2 60.
R3a5+ Kg4 61.Ra3 Bd4 62.Ra8 c3 63.Rg8+ Kf3 64.Rf8+ Ke3 65.Rb3 Kd3 0-1

[Event "7th Essent op"]
[Site "Hoogeveen NED"]
[Date "2003.10.16"]
[Round "7.28"]
[White "Van Doeland, Julius"]
[Black "Ahlers, Ben"]
[Result "0-1"]
[WhiteElo "2273"]
[BlackElo "2200"]
[EventDate "2003.10.10"]
[PlyCount "44"]

1.c4 Nf6 2.Nc3 g6 3.e4 d6 4.d4 Bg7 5.f3 O-O 6.Be3 Nbd7 7.Bd3 c5 8.Nge2 
cxd4 9.Nxd4 e6 10.O-O d5 11.Ndb5 a6 12.Nd6 Ne5 13.c5 Nxd3 14.Qxd3 dxe4 15.
Ncxe4 Nd5 16.Bg5 Qc7 17.Qa3 f5 18.Nxc8 Raxc8 19.Nc3 Bxc3 20.bxc3 Qxc5+ 21.
Qxc5 Rxc5 22.Rab1 b5 0-1